000 00908nam a2200241 u 4500
001 000025244
005 20200930023644.0
008 110211s1991 ag r 001 0 spa d
020 _a9506941505
040 _aDO-SdBNP
_bspa
_cBNPHU
041 1 7 _aspa
_heng
_2Código de idiomas MARC
082 _ann*
_bnn*
100 1 _aBerger, John J.
_951736
240 1 0 _aRestoring the earth. How americans are working to renew our damaged environment.
_lEspañol
245 1 3 _aLa naturaleza herida :
_biniciativas para recuperar la tierra /
_cJohn J. Berger ; traducción de Cristina Piña.
260 _aBuenos Aires :
_bLatinoamericano,
_c1991.
300 _a199 p. ;
_c23 cm.
490 1 _aTemas
534 _aTítulo del original en inglés :
_tRestoring the earth. How americans are working to renew our damaged environment
700 1 _aPiña, Cristina,
_etr.
_947086
830 0 _aTemas
_99064
049 _aBNGR
999 _c24737
_d24737